| 000 | 00379nam a2200133Ia 4500 | ||
|---|---|---|---|
| 008 | 231221s9999 xx 000 0 und d | ||
| 020 | _a978-0-387-26090-7 | ||
| 041 | _aEnglish | ||
| 100 | _aBorko Furht, Edin Muharemagic, Daniel Socek | ||
| 245 | 0 | _aMultimedia Encryption and Watermarking | |
| 260 |
_c2005 _bSpringer US _aNew York |
||
| 650 | _aComputer Science | ||
| 942 | _cEB | ||
| 999 |
_c218043 _d218043 |
||